[Event "El Prat de Llobregat op 3rd"]
[Site "El Prat de Llobregat"]
[Date "2022.10.21"]
[Round "4"]
[White "Romeu Perulles, Jaume"]
[Black "Alquezar Mancho, Renato"]
[Result "1/2-1/2"]
[WhiteElo "1739"]
[BlackElo "1800"]
[PlyCount "83"]
[EventDate "2022.09.30"]
[EventType "swiss"]
[EventRounds "9"]
[EventCountry "ESP"]
[SourceTitle "EXT 2024"]
[Source "ChessBase"]
[SourceDate "2023.10.10"]
[SourceVersion "1"]
[SourceVersionDate "2023.10.10"]
[SourceQuality "1"]

1. e4 c5 2. Nf3 e6 3. d4 cxd4 4. c3 Nc6 5. cxd4 d5 6. Nc3 Bb4 7. e5 h6 8. a3 Ba5 9. b4 Bc7 10. Bb2 a6 11. Rc1 Nge7 12. Bd3 0-0 13. 0-0 b5 14. Bb1 Bd7 15. Qd3 g6 16. Nh4 Kg7 17. f4 Bb6 18. Ne2 Rc8 19. Kh1 Nf5 20. Nxf5+ exf5 21. Qf3 Be6 22. h3 Qd7 23. Ba2 Ne7 24. Qe3 Rxc1 25. Rxc1 Rc8 26. Rxc8 Qxc8 27. Bb3 Qc7 28. Qd3 Qc6 29. Nc3 Ba7 30. a4 bxa4 31. Nxa4 Qb5 32. Qxb5 axb5 33. Nc5 Nc6 34. Bc3 h5 35. h4 Bb6 36. Bc2 Ba7 37. Bd3 Bxc5 38. bxc5 b4 39. Bb2 Na5 40. Kg1 Nc4 41. Bc1 Kf8 42. Kf2 1/2-1/2

[Event "Cornella de Llobregat Vallve Pinol 3rd"]
[Site "Cornella de Llobregat"]
[Date "2015.10.05"]
[Round "3.8"]
[White "Prats Rodriguez, Juan Bosco"]
[Black "Alquezar Mancho, Renato"]
[Result "1-0"]
[WhiteElo "2251"]
[BlackElo "1963"]
[PlyCount "65"]
[EventDate "2015.09.21"]
[EventType "swiss"]
[EventRounds "9"]
[EventCountry "ESP"]
[SourceTitle "EXT 2024"]
[Source "ChessBase"]
[SourceDate "2023.10.10"]
[SourceVersion "1"]
[SourceVersionDate "2023.10.10"]
[SourceQuality "1"]

1. e4 c5 2. Nc3 e6 3. g3 d5 4. exd5 exd5 5. Bg2 Nf6 6. Nf3 d4 7. Nb5 a6 8. Na3 Be7 9. 0-0 0-0 10. Re1 Re8 11. d3 Nc6 12. Nc4 Be6 13. Bf4 Bd5 14. Qd2 b5 15. Nce5 Nxe5 16. Rxe5 Bd6 17. Rxe8+ Nxe8 18. Re1 Bxf4 19. Qxf4 Nf6 20. a3 Rc8 21. Qe5 Qd7 22. Qe7 Be6 23. Qxd7 Nxd7 24. Ng5 Nf8 25. Bb7 Rc7 26. Nxe6 Nxe6 27. Bxa6 b4 28. axb4 cxb4 29. Bc4 h6 30. Re4 Ng5 31. Re8+ Kh7 32. Kg2 Ne6 33. Rb8 1-0

[Event "Sant Boi op 36th"]
[Site "Sant Boi de Llobregat"]
[Date "2014.05.23"]
[Round "6"]
[White "Nadal Fajardo, Ricard"]
[Black "Alquezar Mancho, Renato"]
[Result "1-0"]
[WhiteElo "2141"]
[BlackElo "1957"]
[PlyCount "81"]
[EventDate "2014.04.04"]
[EventType "swiss"]
[EventRounds "9"]
[EventCountry "ESP"]
[SourceTitle "CBM 160 Extra"]
[Source "ChessBase"]
[SourceDate "2014.07.01"]
[SourceVersion "1"]
[SourceVersionDate "2014.07.01"]
[SourceQuality "1"]

1. b3 d5 2. Bb2 c5 3. e3 a6 4. Nf3 Nc6 5. Be2 Nf6 6. 0-0 Bf5 7. d3 e6 8. Nbd2 Be7 9. Re1 0-0 10. Nh4 Re8 11. Nxf5 exf5 12. Bf3 Bd6 13. g3 Be5 14. Bxe5 Nxe5 15. Bg2 Rb8 16. Nf3 Nc6 17. d4 cxd4 18. Nxd4 g6 19. Nxc6 bxc6 20. c4 Qb6 21. cxd5 cxd5 22. Qd3 Red8 23. Red1 Rd6 24. Rac1 Rbd8 25. Qd4 Qxd4 26. Rxd4 Kg7 27. Rc5 Ne4 28. Ra5 Nf6 29. Bf1 Rc8 30. Rxa6 Rxa6 31. Bxa6 Rc7 32. a4 Ne4 33. Bd3 Rc1+ 34. Kg2 Nc3 35. a5 Ra1 36. a6 Kf6 37. b4 Ke5 38. b5 Kd6 39. b6 Kc6 40. Rb4 Ra4 41. Bb5+ 1-0